Estructuras de la moral : (Record no. 176139)

MARC details
000 -LEADER
campo de control de longitud fija 00923nam a22002535i 4500
001 - NÚMERO DE CONTROL
campo de control 176139
003 - IDENTIFICADOR DE NÚMERO DE CONTROL
campo de control ES-MaACL
005 - FECHA Y HORA DE LA ÚLTIMA TRANSACCIÓN
campo de control 20250822040311.0
008 - DATOS DE LONGITUD FIJA--INFORMACIÓN GENERAL
campo de control de longitud fija 101220s1975 sp f |||| | spa d
020 ## - NÚMERO INTERNACIONAL ESTÁNDAR DEL LIBRO
Número Internacional Estándar del Libro 84-249-2448-7
080 ## - NÚMERO DE LA CLASIFICACIÓN DECIMAL UNIVERSAL
Número de la Clasificación Decimal Universal 1:572
080 ## - NÚMERO DE LA CLASIFICACIÓN DECIMAL UNIVERSAL
Número de la Clasificación Decimal Universal 177
100 1# - ENTRADA PRINCIPAL--NOMBRE DE PERSONA
Nombre de persona Wyss, Dieter.
9 (RLIN) 143573
245 10 - MENCIÓN DEL TÍTULO
Título Estructuras de la moral :
Resto del título estudios sobre la antropología y genealogía de las formas de conducta morales /
Mención de responsabilidad, etc. Dieter Wyss ; versión española de Elena Bombín.
260 ## - PUBLICACIÓN, DISTRIBUCIÓN, ETC.
Lugar de publicación, distribución, etc. Madrid :
Nombre del editor, distribuidor, etc. Gredos,
Fecha de publicación, distribución, etc. [1975]
300 ## - DESCRIPCIÓN FÍSICA
Extensión 374 p. ;
Dimensiones 19 cm.
490 1# - MENCIÓN DE SERIE
Mención de serie Biblioteca de psicología y psicoterapia. Serie minor ;
Designación de volumen o secuencia 4
650 #7 - PUNTO DE ACCESO ADICIONAL DE MATERIA--TÉRMINO DE MATERIA
Término de materia o nombre geográfico como elemento de entrada Antropología filosófica
Fuente del encabezamiento o término embne
9 (RLIN) 9891
650 #7 - PUNTO DE ACCESO ADICIONAL DE MATERIA--TÉRMINO DE MATERIA
Término de materia o nombre geográfico como elemento de entrada Ética
Fuente del encabezamiento o término embne
9 (RLIN) 12577
700 1# - ENTRADA AGREGADA--NOMBRE PERSONAL
Nombre de persona Bombín Izquierdo, Elena.
9 (RLIN) 30030
830 10 - PUNTO DE ACCESO ADICIONAL DE SERIE-TÍTULO UNIFORME
Título uniforme Biblioteca de psicología y psicoterapia
Designación de volumen o secuencia 4
9 (RLIN) 189553
852 4# - LOCALIZACIÓN
Ubicación ES-MaACL
Número de control de estantería E-13827
Encuadernación Olim P-1849
Holdings
Estatus retirado Estado de pérdida Estado de daño No para préstamo Biblioteca de origen Biblioteca actual Ubicación en estantería Fecha de adquisición Fuente de adquisición Total de préstamos Signatura topográfica completa Código de barras Visto por última vez Precio de reemplazo Tipo de ítem Koha
        Biblioteca del Ateneo de Madrid Biblioteca del Ateneo de Madrid Depósito 2 20/12/2010     E-13827 1184987 23/02/2023 23/02/2023 Libro impreso